|
|
|
|
| LEADER |
00000nab a2200000 a 4500 |
| 001 |
vtls000541820 |
| 003 |
SK-MaSNL |
| 005 |
20260303012736.0 |
| 008 |
120928c1995 xo 0 slo |
| 015 |
|
|
|a SNBRB19rr/mm-uuuuu
|
| 035 |
|
|
|a CL0541958
|
| 040 |
|
|
|a SNKBUCL
|b slo
|c SNKBUCL
|e AACR2
|
| 041 |
0 |
|
|a slo
|
| 044 |
|
|
|a xo
|c SK
|
| 080 |
|
|
|a 343.352
|2 1981
|
| 080 |
|
|
|a 328.1(437.6)
|2 1981
|
| 100 |
1 |
|
|a Handzo, Juraj
|4 aut
|9 471933
|
| 245 |
1 |
0 |
|a Perličky v "čistých rukách"
|c Juraj Handzo
|
| 650 |
0 |
7 |
|a korupcia
|2 snkbucl
|9 1699
|
| 650 |
0 |
7 |
|a boj proti korupcii
|2 snkbucl
|9 1700
|
| 650 |
0 |
7 |
|a vláda Slovenskej republiky
|2 snkbucl
|9 898250
|
| 650 |
0 |
7 |
|a Komplexný program Čisté ruky
|2 snkbucl
|9 898699
|
| 655 |
|
7 |
|a články z novín a časopisov
|2 snkbucl
|9 267496
|
| 773 |
0 |
|
|t Pravda
|g Roč. 5, č. 45 (23. 2. 1995), s. 3
|
| 850 |
|
|
|a Slovenská národná knižnica v Martine
|a MTA001
|
| 852 |
|
|
|a SNK
|b KIS3GCP
|
| 958 |
|
|
|a RK
|
| 992 |
|
|
|a RBX
|
| 999 |
|
|
|c 1598877
|d 1600807
|